000 00317nam a2200121Ia 4500
008 190216s9999||||xx |||||||||||||| ||und||
100 _aVelayudhan Panikkaseri
245 0 _aSancharikalum Chrithrakaranmarum Vol 1
260 _bNational Book Stall
_c1984
300 _a245p
650 _aHistory Of India
942 _cBK
999 _c19399
_d19399